Statistics for Most Populated Cities in Hokkaido by Picture

Click here to take the quiz!

General Stats

  • This quiz has been taken 6 times
  • The average score is 13 of 16

Answer Stats

Answer% Correct
Sapporo
100%
Asahikawa
83%
Ebetsu
83%
Eniwa
83%
Hakodate
83%
Iwamizawa
83%
Kitahiroshima
83%
Kitami
83%
Kushiro
83%
Muroran
83%
Obihiro
83%
Otaru
83%
Tomakomai
83%
Chitose
67%
Ishikari
67%
Noboribetsu
50%

Score Distribution

Percentile by Number Answered

Percent of People with Each Score

Your Score History

You have not taken this quiz